000 00579nam a2200229Ia 4500
005 20260320201826.0
008 008 262003s9999 xx 000 0 eng d
037 _aEBOOK
040 _aCRL
040 _beng
040 _cCRL
041 _2eng
041 _aeng
084 _qCRL
100 _aBatchelder
_91127399
245 0 _aData Governance Handbook: A practical approach to building trust in data
260 _bIEEE
856 _uhttps://ieeexplore.ieee.org/servlet/opac?bknumber=10769337
942 _cEBOOK
999 _c1723752
_d1723752